• 首页
  • 本馆介绍
  • 公告通知
  • 最新文献
  • 馆藏检索
  • 电子资源
  • 读者导购
  • 参考咨询
  • 我的图书馆
  • 登录
  • 详细信息显示
  • 放入我的书架
  • 预约/预借图书
  • 作者相关作品
  • 分类相关作品
  • 丛书相关作品
  • 出版社相关作品

书目信息

  • 表格格式
  • 工作单格式
  • 卡片格式
题名:
涵芬楼古今文钞
    
 
作者: 吴会祺 编纂
分册: 第十册  
出版信息: 上海   商务印书馆  1919.01
页数: 全一册
开本: 20.3*13.3cm
丛书名:
单 册:
中图分类: Z212.5
科图分类:
主题词: 百科全书
电子资源:
ISBN:
000 00670nam0 2200229 450
001 0638463343
005 20061020142233.35
010    @b线装@dCNY35.00(全套)
100    @a20061020d1919 km y0chiy0120 ea
101 0  @achi
102    @aCN@b110000
102    @aCN@b310000
200 1  @a涵芬楼古今文钞@h第十册@Ahan fen lou gu jin wen chao@f吴会祺编纂@Fwu hui qi bian zuan
210    @a上海@c商务印书馆@d1919.01
215    @a全一册@d20.3*13.3cm
300    @a第七至第十二册为本函,共十七函一百册,线装
300    @a宣统二年出版
606 0  @a百科全书
690    @aZ212.5@v3
701  0 @a吴会祺@Awu hui qi@4编纂
801  0 @aCN@bPFT@c20061020
905    @a10447@dZ212.5@e31:10
    
    涵芬楼古今文钞.第十册/吴会祺编纂.-上海:商务印书馆,1919.01
    全一册;20.3*13.3cm
    第七至第十二册为本函,共十七函一百册,线装.-宣统二年出版
    
    ISBN (线装):CNY35.00(全套)
    
●
相关链接 在E读中查询图书 在五车中查询图书 在当当中查询图书 在豆瓣中查询图书


正题名:涵芬楼古今文钞     索取号:Z212.5/31:10         预约/预借

序号 登录号 条形码 馆藏地/架位号 状态 备注
1 0265421   202414217   古籍典藏专区/ [索取号:Z212.5/31:10] 在馆    
唐山师范学院图书馆 欢迎您!
大连网信软件有限公司© 版权所有